[Event "Calvia Amateur op 11th"]
[Site "Calvia"]
[Date "2014.10.12"]
[Round "9"]
[White "Planas Gene, Juan"]
[Black "Khouri, Ibrahim Mohamed"]
[Result "0-1"]
[WhiteElo "2050"]
[BlackElo "2191"]
[PlyCount "58"]
[EventDate "2014.10.04"]
[EventType "swiss"]
[EventRounds "9"]
[EventCountry "ESP"]
[SourceTitle "EXT 2015"]
[Source "ChessBase"]
[SourceDate "2014.11.20"]
[SourceVersion "1"]
[SourceVersionDate "2014.11.20"]
[SourceQuality "1"]

1. d4 Nf6 2. c4 e6 3. Nc3 Bb4 4. Qc2 0-0 5. a3 Bxc3+ 6. Qxc3 b6 7. Bg5 Bb7 8. f3 h6 9. Bh4 d5 10. e3 Nbd7 11. Bd3 Rc8 12. c5 bxc5 13. dxc5 Ne4 14. Bxd8 Nxc3 15. Bh4 Nxc5 16. Bc2 g5 17. Bg3 Nb5 18. b4 Nd7 19. h4 Kg7 20. hxg5 hxg5 21. Rh5 Kf6 22. f4 Rh8 23. Rxg5 Rh1 24. Kf2 Nd6 25. Rd1 c5 26. e4 Ke7 27. exd5 cxb4 28. Bb1 Nf6 29. Re1 Bxd5 0-1